header

How to cheat at managing microsoft operations manager 2005 (Record no. 209959)

MARC details
000 -LEADER
fixed length control field 01147nam a2200301Ia 4500
082 04 - DEWEY DECIMAL CLASSIFICATION NUMBER
Classification number 004/.36
100 1# - MAIN ENTRY--AUTHOR NAME
Personal name Piltzecker, Tony,
245 10 - TITLE STATEMENT
Title How to cheat at managing microsoft operations manager 2005
260 ## - PUBLICATION, DISTRIBUTION, ETC. (IMPRINT)
Place of publication Rockland, MA :
Name of publisher Syngress Publishing,
Year of publication c2006.
300 ## - PHYSICAL DESCRIPTION
Number of Pages xxvi, 467 p. :
Other physical details ill.
500 ## - GENERAL NOTE
General note Includes index.
650 #0 - SUBJECT ADDED ENTRY--TOPICAL TERM
Topical Term Client/server computing.
Topical Term Database management.
856 40 - ELECTRONIC LOCATION AND ACCESS
Uniform Resource Identifier http://site.ebrary.com/lib/rucke/Doc?id=10114302

No items available.

© 2026 Rongo University
Contact us: librarian | system librarian | Rongo university